Európske právo v rozhodnutiach Ústavného súdu Slovenskej republiky

Analýza činnosti a vybraných rozhodnutí Ústavného súdu Slovenskej republiky z pohľadu vplyvu práva Európskej Únie a v závere zosumarizovanie týchto rozhodnutí. V závere tiež návrh, ktorý bude predmetom rozhodovania Ústavného súdu SR.

Salvato in:
Dettagli Bibliografici
Autore principale: Rohaľ, Peter
Natura: Capitolo di libro
Lingua:slovacco
Soggetti:
Tags: Aggiungi Tag
Nessun Tag, puoi essere il primo ad aggiungerne!!

MARC

LEADER 00000nla a2200000 4500
001 0241690
005 20240417075134.3
041 0 |a slo 
044 |a SK 
245 1 0 |a Európske právo v rozhodnutiach Ústavného súdu Slovenskej republiky  |c Peter Rohaľ 
520 |a Analýza činnosti a vybraných rozhodnutí Ústavného súdu Slovenskej republiky z pohľadu vplyvu práva Európskej Únie a v závere zosumarizovanie týchto rozhodnutí. V závere tiež návrh, ktorý bude predmetom rozhodovania Ústavného súdu SR. 
610 2 0 |a právo 
610 2 0 |a súdy 
610 2 0 |a ústava 
610 2 0 |a Súdny dvor Európskej únie 
610 2 0 |a súdnictvo 
610 2 0 |a Európska únia 
100 1 |a Rohaľ, Peter